Anime by MC - Statistics

General Stats
  • This quiz has been taken 115 times
  • The average score is 11 of 15
Answer Stats
Hint Answer % Correct
Ichigo Kurosaki Bleach
93%
Goku Dragon Ball
93%
Naruto Uzumaki Naruto
93%
Monkey D. Luffy One piece
93%
Boruto Uzumaki Boruto
91%
Tanjiro Kamado Demon Slayer
91%
Ash Pokemon
86%
Gon Freeces Hunter X Hunter
84%
Lelouch Lamporuge Code geass
79%
Shinra Kusakabe Fire Force
60%
Nagisa Assassination Classroom
54%
Soma Food Wars
52%
Rin Okumura Blue Exorcist
49%
Ryuji Toradora
24%
Yuji Itadori Jujustu Kaisen
16%
No matching quizzes found
Score Distribution
Percent of People with Each Score
Percentile by Number Answered
Your Score History
You have not taken this quiz